000
00256nam a2200097Ia 4500
001
789410
005
20250826170418.0
008
250824s9999 xx 000 0 und d
245
0
_a
SAKA HANI ALP ER TUNGA
_c
AHMET HALDUN TERZİOĞLU
260
_b
PANAMA YAYINLARI
999
_c
789410
_d
789410